| 000 | 00772nam a2200241 i 4500 | ||
|---|---|---|---|
| 001 | bg | ||
| 100 | 1 | _aMIELCZAREK, Wojciech | |
| 245 | 1 | 0 |
_aSzeregowe interfejsy cyfrowe / _cWojciech Mielczarek. |
| 260 |
_aGliwice : _b"Helion", _c1993. |
||
| 300 |
_a[6], 162 s. : _brys. ; _c24 cm. |
||
| 500 | _aU dołu okł. podtyt.: RS-232C, RS-422A, RS-423A,RS-485, ICSBUS, I~)2CBUS, D~)2BUS, TOKENBUS, MODBUS. | ||
| 504 | _aBibliogr. s.[6]. | ||
| 650 | 9 |
_aTransmisja danych _xurządzenia |
|
| 650 | 9 |
_aUkłady cyfrowe _xstosowanie |
|
| 020 | _a8385701230 | ||
| 040 | _cBPK | ||
| 041 | 0 | _apl | |
| 080 | _a004.032.22:004.3'144 | ||
| 920 | _a83-85701-23-0 | ||
| 942 | _cKS | ||
| 008 | s pl f |000 0 pol | ||
| 999 |
_c39151 _d39151 |
||